| 000 | 00773nam a2200193 a 4500 | ||
|---|---|---|---|
| 001 | 000035124 | ||
| 005 | 20200930074123.0 | ||
| 008 | 111025s1954 cu 000 0dspa d | ||
| 040 |
_aDO-SdBNP _bspa _cBNPHU |
||
| 100 | 1 |
_aRoig de Leuchsenring, Emilio, _d1889-1964 _941278 |
|
| 245 | 1 | 0 |
_aJuan Gualberto Gómez, paladín de la independencia y la libertad de Cuba / _cEmilio Roig de Leuchsenring. |
| 260 |
_aLa Habana : _bOficina del Historiador de la Ciudad de La Habana, _c1954. |
||
| 300 |
_a139 p. ; _c24 cm. |
||
| 590 | _aPerteneció a la biblioteca personal de Juan Isidro Jimenes Grullón. | ||
| 600 | 1 | 4 |
_aGÓMEZ, JUAN GUADALBERTO, _d1854-1933 _960806 |
| 650 | 2 | 4 |
_aIndependentistas cubanos _960807 |
| 650 | 2 | 4 |
_aPatriotas cubanos _960808 |
| 651 | 4 |
_aCuba _xHistoria _9493 |
|
| 999 |
_c34615 _d34615 |
||